| 000 | 00444nam a22001577a 4500 | ||
|---|---|---|---|
| 999 |
_c5291 _d5291 |
||
| 003 | OSt | ||
| 005 | 20190102181005.0 | ||
| 008 | 190102b ||||| |||| 00| 0 eng d | ||
| 040 |
_aDLC _cDLC |
||
| 082 |
_a302.34 _bN397S |
||
| 100 | _aNeighbour, Ralph W. | ||
| 245 | _aBuilding Bridges Opening Hearts/ | ||
| 260 |
_aSingapore, Houston; _bBAC Printers/ Touch Outreach Ministries _cc1991 |
||
| 300 |
_a132p.; _bill., Picts.; _c18 cm |
||
| 942 |
_2ddc _cBK |
||